000 00323nam a2200145Ia 4500
100 _aFrankland/ J.W.
650 _aFitter
942 _cBK
654 _aPipe fitters
245 _aPipe fitters & pipe welders Handbook
260 _bBailey Bros
_aChicago
_c1973
082 _a671.024
300 _a175
546 _aENGLISH
999 _c32808
_d32808